LEADER 01597nam0 2200313 450 001 000039759 005 20141202153130.0 100 $a20141202d--------km-y0itaa50------ba 101 2 $alat$afre 102 $aFR 200 1 $aHistoires$fQuinte-Curce$gtexte établi et traduit par H. Bardon 210 $aParis$c<> belles lettres 215 $a2 volumi$d20 cm 225 2 $aCollection des universités de France 300 $aTraduzione francese con testo latino a fronte 327 1 $aTome I (livres III-VI). - Troisième tirage. - 1976. - XXI, 212 p.$aTome II (livres VII-X). - Deuxième tirage. - 1965. - P. 223-445 410 0$12001$aCollection des universités de France 500 11$aHistoriae Alexandri Magni / Curtius Rufus, Quintus$919693 676 $a938.07$v(22. ed.)$9Storia dell'antica Grecia. Era macedone, 362-323 a.C 700 1$aCurtius Rufus,$bQuintus$f<1. saec. a. C.>$0168773 702 1$aBardon,$bH. 801 0$aIT$bUniversità della Basilicata - B.I.A.$gREICAT$2unimarc 912 $a000039759 996 $aHistoriae Alexandri Magni$919693 997 $aUNIBAS CAT $aEXT013$b01$c20141202$lBAS01$h1531 FMT Z30 -1$lBAS01$LBAS01$mBOOK$1BASA1$APolo Storico-Umanistico$2GEN$BCollezione generale$3Class/88$680957$5L80957$820141202$b1$f02$FPrestabile Generale$hTome I (livres III-VI). - Troisième tirage. - 1976. - XXI, 212 p. Z30 -1$lBAS01$LBAS01$mBOOK$1BASA1$APolo Storico-Umanistico$2GEN$BCollezione generale$3Class/89$680958$5L80958$820141202$b2$f02$FPrestabile Generale$hTome II (livres VII-X). - Deuxième tirage. - 1965. - P. 223-445 LEADER 01853nam0 2200397 450 001 000020357 005 20070928091402.0 010 $a88-222-3626-2 100 $a20070907d1988----km-y0itaa50------ba 101 0 $aita 102 $aIT 200 1 $aAmbrogio Traversari nel 6. centenario della nascita$eConvegno Internazionale di studi, Camaldoli - Firenze, 15-18 settembre 1986$fa cura di Gian Carlo Garfagnini 210 $aFirenze$c<> Olschki$d1988 215 $aVIII, 532 p.$d30 cm 225 2 $aAtti di Convegni$fIstituto nazionale di studi sul Rinascimento$v17 300 $aSul front.: Sotto l'Alto Patronato del Presidente della Repubblica con il Patrocinio del Presidente del Consiglio dei Ministri 300 $aIn testa al front.: Istituto nazionale di studi sul Rinascimento 410 1$12001$aAtti di Convegni$fIstituto nazionale di studi sul Rinascimento$v17 600 1$aTraversari,$bAmbrogio 676 $a271.1402$v(21. ed.)$9Congregazioni e ordini religiosi nella storia della chiesa. Benedettini. Cluniacensi. Persone 702 1$aGarfagnini,$bGian Carlo 702 1$aTraversari,$bAmbrogio$f<1386-1439> 712 02$aIstituto nazionale di studi sul Rinascimento 801 0$aIT$bUniversità della Basilicata - B.I.A.$gRICA$2unimarc 912 $a000020357 996 $aAmbrogio Traversari nel 6. centenario della nascita$985963 997 $aUNIBAS BAS $aLETTERE CAT $aSTD050$b01$c20070907$lBAS01$h1101 CAT $aTTM$b30$c20070925$lBAS01$h1114 CAT $aTTM$b30$c20070926$lBAS01$h0942 CAT $aTTM$b30$c20070926$lBAS01$h1248 CAT $aTTM$b30$c20070928$lBAS01$h0911 CAT $aTTM$b30$c20070928$lBAS01$h0914 FMT Z30 -1$lBAS01$LBAS01$mBOOK$1BASA1$APolo Storico-Umanistico$2GEN$BCollezione generale$3DF/4467$604467$5F04467$820070907$f02$FPrestabile Generale